| 000 | 01112nam0a22002651 4500 | ||
|---|---|---|---|
| 001 | rc\340064 | ||
| 005 | 20260406184520.0 | ||
| 010 |
_a5-244-00289-9 _9100000 |
||
| 035 | _a(NLR Aleph) 005582141 | ||
| 090 |
_a6123556 _c6123556 |
||
| 100 | _a20030307d1989 |||y0rusy50 ca | ||
| 101 | 0 | _arus | |
| 102 | _aRU | ||
| 105 | _ay ||||||||| | ||
| 200 | 1 |
_aПолитическая экономия _eУчеб. пособие для высш. парт. шк. _fАкад. обществ. наук при ЦК КПСС, Учеб.-метод. отд. высш. парт. школ. _g[Г.Я. Кузнецов и др.] |
|
| 205 | _a3-е изд., дораб. и доп. | ||
| 210 |
_aМ. _cМысль _d1989 |
||
| 215 |
_a463, [1] с. _d22 |
||
| 702 | 1 |
_aКузнецов _bГ.Я. _gГригорий Яковлевич _4220 |
|
| 712 | 0 | 2 |
_aАкадемия общественных наук _cМосква _bУчеб. метод. отдел высших партийных школ _3RU\NLR\AUTH\889949882 _9395495 |
| 801 | 0 |
_aRU _bNLR _gpsbo |
|
| 801 | 1 |
_aRU _bELAR _2rusmarc |
|
| 852 |
_aNLR _j89-3/15434 |
||
| 942 | _cBOOK | ||
| 980 | _aNB | ||